|
|
|
|
| LEADER |
00000nam0a2200000 4500 |
| 001 |
142266 |
| 005 |
20231031142706.0 |
| 035 |
|
|
|a (RuTPU)RU\TPU\book\154175
|
| 090 |
|
|
|a 142266
|
| 100 |
|
|
|a 20080903d1974 m y0rusy50 ca
|
| 101 |
0 |
|
|a rus
|
| 102 |
|
|
|a RU
|
| 105 |
|
|
|a a z 001zy
|
| 200 |
1 |
|
|a Радиогеохимия почв полесий русской равнины
|e на примере Мещерской неизменности
|f Э. Б. Тюрюканова
|g Академия наук СССР (АН СССР), Институт геохимии и аналитической химии (ГЕОХИ)
|
| 210 |
|
|
|a Москва
|c Наука
|d 1974
|
| 215 |
|
|
|a 155 с.
|c ил.
|
| 320 |
|
|
|a Библиогр.: с. 142-154.
|
| 610 |
1 |
|
|a радиогеохимия
|
| 610 |
1 |
|
|a почва
|
| 610 |
1 |
|
|a геохимия
|
| 610 |
1 |
|
|a Мещерская низменность
|
| 610 |
1 |
|
|a радиоактивные изотопы
|
| 610 |
1 |
|
|a распределение
|
| 675 |
|
|
|a 631.4
|v 3
|
| 700 |
|
1 |
|a Тюрюканова
|b Э. Б.
|g Энгельсина Борисовна
|
| 712 |
0 |
2 |
|a Академия наук СССР (АН СССР)
|b Институт геохимии и аналитической химии (ГЕОХИ)
|c (Москва)
|2 stltpush
|3 (RuTPU)RU\TPU\col\11383
|
| 801 |
|
1 |
|a RU
|b 63413507
|c 20080903
|g PSBO
|
| 801 |
|
2 |
|a RU
|b 63413507
|c 20150206
|g PSBO
|
| 942 |
|
|
|c BK
|